000 00434 a2200157 4500
005 20250312171146.0
020 _a978-981-4575-16-4
082 _a332.04 CEC
100 _aCECCHETTI, S. G.
245 _aMoney, Banking,and Financial Markets
250 _a4th Ed
260 _aSingapore,
_bMcGraw Hill,
_c2015.
300 _axl,701p.: ill.; figure, table,
_bglossary,index,
_c26cm.
700 _aSCHOENHOLTZ, K. L.
942 _2ddc
_cBKS
999 _c508
_d508